| 000 | 01151nam a2200289 a 4500 | ||
|---|---|---|---|
| 001 | 000011161 | ||
| 005 | 20250924073801.0 | ||
| 008 | 091014s1985 dr a 001 p spa d | ||
| 040 |
_aDO-SdBNP _bspa _cBNPHU |
||
| 082 |
_aRD861.44 _bS489c |
||
| 100 | 1 |
_aSerulle, Haffe, _d1947- _922959 |
|
| 245 | 1 | 4 |
_aLos caminos de la infancia futura : _blibro segundo de los caminos / _cHaffe Serulle ; prólogo León David. |
| 260 |
_aSanto Domingo : _bUASD, _c1985. |
||
| 300 |
_a179 p. : _bil. ; _c21 cm. |
||
| 490 | 1 |
_aPublicaciones de la Universidad Autónoma de Santo Domingo _v437 |
|
| 490 | 1 |
_aArte y Sociedad _v22 |
|
| 500 | _aIncluye datos biográficos del autor en la contracubierta. | ||
| 590 | _aPerteneció a la biblioteca personal de Juan Isidro Jimenes Grullón. | ||
| 650 | 0 |
_aPoesía dominicana _966 |
|
| 650 | 0 |
_aLiteratura dominicana. _967 |
|
| 700 | 1 |
_aLeón David _d1945- _epról. _984930 |
|
| 710 | 1 |
_aUniversidad Autónoma de Santo Domingo _972951 |
|
| 830 |
_aPublicaciones de la Universidad Autónoma de Santo Domingo _v437 _952 |
||
| 830 | 0 |
_aArte y sociedad _v22 _924375 |
|
| 910 | _aValidado. Control de calidad EMS | ||
| 049 | _aBNPD | ||
| 999 |
_c10886 _d10886 |
||